00496nam a2200169 a 450000100100000000500170001000800410002702000150006804000250008308200150010810000360012324500550015926000340021430000200024849000280026883000300029600004315520201002040659.0140220s1976 sp 000 0 spa d a8472235726 aDO-SdBNPbspacBNPHU axxxbM689Y1 aYurkievich, Saúl,d1931-2005.10aCelebración del modernismo /cSaúl Yurkievich. aBarcelona :bTusquets,c1976. a98 p. ;c18 cm.1 aCuadernos ínfimosv72 0aCuadernos ínfimos ;n72